Catálogo
 En Linea

Celebración de colores 1970-1995. (Registro nro. 33484)

Detalles MARC
000 -CABECERA
campo de control de longitud fija 00264nam a2200097 a 4500
005 - FECHA Y HORA DE LA ÚLTIMA TRANSACCIÓN
campo de control 20200930070702.0
008 - DATOS DE LONGITUD FIJA--INFORMACIÓN GENERAL
campo de control de longitud fija 110919s1995 000 spa d
040 ## - FUENTE DE LA CATALOGACIÓN
Centro catalogador/agencia de origen DO-SdBNP
245 #0 - MENCIÓN DE TÍTULO
Título Celebración de colores 1970-1995.
260 ## - PUBLICACIÓN, DISTRIBUCIÓN, ETC.
Lugar de publicación, distribución, etc. Santiago de los Caballeros,
Fecha de publicación, distribución, etc. 1995.

No hay ítems disponibles.

Con tecnología Koha